000 00445cam a22001217a 4500
008 180718b1971 xxu||||| |||| 00| 0 eng d
082 _aR8603x5452 1967
245 _aReport on the working of industrial disputes act, 1947
_cby Department of Labor and Employment
260 _aMadras
_bGovernment of Tamil Nadu
_c1971
300 _a49p
500 _aContents: Library has 1967, 1968, 1971,
700 _aTamil Nadu. Department of Labor and Employment
999 _c496604
_d496604